000 00940cab a2200265 4500
001 ABS49445
008 090401t1993 xxu||||| |||| 00| 0 eng d
035 _a(Sirsi) u71292
041 _aeng
100 _aAlty, R.
245 2 _aA proactive approach to property management
260 _c1993
350 _a0
490 _aCS Monthly : General Practice
_v3(2) October 1993, 7-8(2)
520 _aA paper on the proactive role of the chartered surveyor as property manager in enhancing the property managed, prepared by the chairman of the commercial property management skills panel. Comments sought.
650 _aASSET MANAGEMENT
650 _aABOUT RICS-RICS MEMBERS
650 _aPROPERTY-COMMERCIAL PROPERTY-COMMERCIAL PROPERTY MANAGEMENT
650 _aIMPROVEMENTS
650 _aProperty management
_96262
650 _aSKILLS PANELS
690 _aCOMMERCIAL PROPERTY-MANAGEMENT
942 _n0
948 _c04/03/1997
999 _c44923
_d44923